00536cam a2200193 a 4500020002600000020002300026020002500049020002200074040000800096082002600104245004800130300003100178650001500209650001500224650001500239650003500254650003200289700002100321 a9781442643253 (bound) a1442643250 (bound) a9781442611757 (pbk.) a1442611758 (pbk.) cNLC04a331 INT 2009 C153 Or.00aBeyond caring labour to provisioning work / axii, 207 pages ;c ;c23 cm 0aPoor women 0aPoor women 0aPoor women 0aWomen in community development 0aInformal sector (Economics)1 aNeysmith, Sheila